000 00259nam a2200109Ia 4500
005 20251222113744.0
008 251222s1900||||xx |||||||||||||| ||spa||
082 _aDVD0060 A43/1985
245 0 _aLa rosa purpura del Cairo
264 _bOrion Pictures
942 _cDVD
999 _c716
_d716